Statistics for Name the members of TxT in age order

Click here to take the quiz!

General Stats

  • This quiz has been taken 44 times
  • The average score is 9 of 10

Answer Stats

Answer% Correct
Beomgyu
100%
Soobin
100%
Taehyun
100%
Yeonjun
100%
Choi Soo Bin
97%
Choi Yeon Jun
97%
Choi Beom Gyu
94%
Huening Kai
94%
Jang Tae Hyun/ Terry Kang
91%
Kai Kamal Huening/ Jung Hawon
66%

Score Distribution

Percentile by Number Answered

Percent of People with Each Score

Your Score History

You have not taken this quiz